[Event "European Rapid 2011"]
[Site "Warsaw POL"]
[Date "2011.12.17"]
[Round "1"]
[White "Dadello,Al"]
[Black "Volokitin,And"]
[Result "0-1"]
[WhiteElo "1826"]
[BlackElo "2695"]

1.e4 c5 2.Nf3 d6 3.d4 cxd4 4.Nxd4 Nf6 5.Nc3 a6 6.f3 e6 7.Be3 Nc6 8.Qd2 Be7
9.g4 O-O 10.O-O-O Nd7 11.g5 Nxd4 12.Qxd4 Bxg5 13.f4 Be7 14.Rg1 g6 15.f5 Ne5
16.Be2 b5 17.Bf4 Qc7 18.Qf2 b4 19.Bxe5 dxe5 20.Nb1 Bc5 21.Qf3 Bxg1 22.Rxg1 exf5
23.exf5 Bb7 24.Qe3 Rac8 25.Qb3 Be4 26.Bd3 Bxd3 27.Qxd3 Rfd8 28.Qb3 e4 29.Nd2 Rxd2
30.Kxd2 Qxh2+  0-1

[Event "XLI Rilton Cup 2011-12"]
[Site "Stockholm SWE"]
[Date "2011.12.29"]
[Round "3"]
[White "Frisk,E"]
[Black "L'Ami,Alina"]
[Result "0-1"]
[WhiteElo "2184"]
[BlackElo "2364"]

1.e4 c5 2.Nf3 d6 3.d4 cxd4 4.Nxd4 Nf6 5.Nc3 a6 6.f3 e5 7.Nb3 Be6 8.Be3 Be7
9.Qd2 O-O 10.O-O-O a5 11.Bb5 Na6 12.Qe2 Qb8 13.g4 Nc7 14.Ba4 Rd8 15.g5 Nh5
16.Kb1 d5 17.exd5 Nxd5 18.Nxd5 Bxd5 19.Rhe1 Qc7 20.Qb5 Bxf3 21.Rxd8+ Qxd8
22.Bb6 Bc6 23.Qxc6 bxc6 24.Bxd8 Rxd8 25.Nxa5 Bxg5 26.Nxc6 Rd2 27.b4 Bh4 28.Rxe5 g6
29.Re8+ Kg7 30.b5 Nf6 31.Re5 Nd7 32.Re3 Rxh2 33.c4 f5 34.Nd4 Bf6 35.Ne6+ Kf7
36.c5 f4 37.Re1 f3 38.Bb3 Rb2+ 39.Kc1 f2 40.Rf1 Rxb3 41.axb3 Kxe6 42.c6 Ne5
43.Kd2 Nf3+ 44.Ke2 Nd4+ 45.Kxf2 Nxb5 46.Ke3 h5 47.Ke4 g5 48.b4 Bc3 49.Rh1 h4
50.Rg1 Bd2 51.Rg2 Bf4 52.Rc2 h3 53.Rf2 h2 54.Rf1 Kd6 55.Kf3 Kxc6 56.Kg2 Kd5
57.Rb1 Kc4 58.Kh1 Na3 59.Rb2 Nb5 60.Kg2 Kc3 61.Rb1 Na3 62.Rd1 Kxb4 63.Rd8 Nc4
64.Kh1 Kc3 65.Rd7 Ne5 66.Rd8 Ng4 67.Kg2 Nf2 68.Rc8+ Kd4 69.Rd8+ Ke5 70.Re8+ Kf6
71.Rf8+ Kg7  0-1

[Event "Cracovia Open A"]
[Site "Krakow POL"]
[Date "2011.12.31"]
[Round "5.18"]
[White "Licznerski,L"]
[Black "Chrzaszcz,M"]
[Result "1-0"]
[WhiteElo "2271"]
[BlackElo "2084"]

1.e4 c5 2.Nf3 d6 3.d4 cxd4 4.Nxd4 Nf6 5.Nc3 a6 6.f3 e5 7.Nb3 Be7 8.Be3 O-O
9.Qd2 Be6 10.O-O-O Nbd7 11.Kb1 b5 12.Nd5 Bxd5 13.exd5 Nb6 14.Bxb6 Qxb6 15.Na5 Nxd5
16.Qxd5 Qxa5 17.c4 Rab8 18.cxb5 axb5 19.Bc4 Qb4 20.Bb3 Qf4 21.Rc1 Qf5+ 22.Ka1 Rfc8
23.Rxc8+ Rxc8 24.Qxb5 Qg5 25.Rb1 Kf8 26.Qb7 Rd8 27.Qd5 Qf5 28.Rc1 g6 29.Rc7 h5
30.a4 Rb8 31.a5 Qe6 32.a6 Rxb3 33.Qxe6  1-0

[Event "Northern California International"]
[Site "Fremont USA"]
[Date "2012.01.04"]
[Round "4"]
[White "Viswanadha,Kesav"]
[Black "Xiong,Jeffrey"]
[Result "1-0"]
[WhiteElo "1987"]
[BlackElo "2097"]

1.e4 c5 2.Nf3 d6 3.d4 cxd4 4.Nxd4 Nf6 5.Nc3 a6 6.f3 e5 7.Nb3 Be7 8.Be3 Be6
9.Qd2 O-O 10.O-O-O Nbd7 11.g4 b5 12.g5 b4 13.Ne2 Ne8 14.f4 a5 15.f5 a4 16.Nbd4 exd4
17.Nxd4 b3 18.Kb1 bxc2+ 19.Nxc2 Bb3 20.axb3 axb3 21.Na3 Ne5 22.h4 Ra4 23.Bd4 Qa8
24.Qe3 Nc7 25.f6 Bd8 26.fxg7 Re8 27.Bxe5 Rxe4 28.Qxb3 R4xe5 29.Bd3 Ne6 30.Rhf1 Kxg7
31.Bc2 d5 32.Qf3 Rf8 33.Qh5 Re4 34.Bxe4 dxe4 35.Rd7  1-0

[Event "5th Gora Swietej Anny"]
[Site "Gora Swietej Anny POL"]
[Date "2012.01.12"]
[Round "2.6"]
[White "Szmer,Aleksander"]
[Black "Zmarzly,A"]
[Result "0-1"]
[WhiteElo "1682"]
[BlackElo "2046"]

1.e4 c5 2.Nf3 d6 3.d4 cxd4 4.Nxd4 Nf6 5.Nc3 a6 6.f3 e6 7.Be3 b5 8.Qd2 Bb7
9.O-O-O Nbd7 10.Kb1 Nb6 11.e5 Nfd5 12.exd6 Bxd6 13.Bg5 Nxc3+ 14.bxc3 Be7
15.Bxe7 Qxe7 16.Nf5 exf5 17.Bxb5+ axb5 18.Rhe1 Be4 19.fxe4 O-O 20.Qf4 Qa3
21.Rd3 Nc4  0-1

[Event "11th Marienbad Open"]
[Site "Marianske Lazne CZE"]
[Date "2012.01.26"]
[Round "7"]
[White "Dadello,Al"]
[Black "Porschberg,T"]
[Result "0-1"]
[WhiteElo "1844"]
[BlackElo "1986"]

1.e4 c5 2.Nf3 d6 3.d4 cxd4 4.Nxd4 Nf6 5.Nc3 a6 6.f3 e6 7.Be3 b5 8.Qd2 b4
9.Nce2 e5 10.Nb3 Nc6 11.g4 h6 12.h4 a5 13.Ng3 a4 14.Nc1 Rb8 15.Nce2 Be6 16.a3 d5
17.g5 hxg5 18.Bxg5 bxa3 19.bxa3 d4 20.Bh3 Bxh3 21.Rxh3 Qb6 22.Qc1 Na5 23.Nf1 Nd7
24.Bd2 Nc4 25.f4 Nf6 26.Neg3 Ng4 27.fxe5 d3 28.cxd3 Nb2 29.Nh1 Rxh4  0-1

[Event "ch-TUR 2012"]
[Site "Kemer TUR"]
[Date "2012.01.29"]
[Round "2"]
[White "Aktas,I"]
[Black "Orakci,M"]
[Result "1-0"]
[WhiteElo "1982"]
[BlackElo "1801"]

1.e4 c5 2.Nf3 d6 3.d4 cxd4 4.Nxd4 Nf6 5.Nc3 a6 6.f3 g6 7.Be3 Bg7 8.Qd2 O-O
9.O-O-O b5 10.h4 Nbd7 11.h5 Ne5 12.Bh6 Bd7 13.Bxg7 Kxg7 14.hxg6 fxg6 15.Nd5 Rh8
16.Nxf6 Kxf6 17.Qf4+ Kg7 18.Qh6+ Kg8 19.Qg5 Rc8 20.f4 Nf7 21.Qg3 e5 22.Nf3 exf4
23.Qxf4 Qe7 24.Qd2 Qxe4 25.Bd3 Qe6 26.Kb1 Qf6 27.Rdf1 Bc6 28.Nh4 Qg7 29.Rh3 Ne5
30.Rg3 Bd7 31.Bf5 Qf7 32.Qxd6 Nc4 33.Qd4 Rf8 34.Rgf3 Qf6 35.Be6+  1-0

[Event "Moscow Open 2012 A"]
[Site "Moscow RUS"]
[Date "2012.01.29"]
[Round "2.15"]
[White "Demchenko,A"]
[Black "Eliseev,U"]
[Result "0-1"]
[WhiteElo "2578"]
[BlackElo "2435"]

1.e4 c5 2.Nf3 d6 3.d4 cxd4 4.Nxd4 Nf6 5.Nc3 a6 6.Be3 Ng4 7.Bc1 Nf6 8.f3 e5
9.Nb3 Be6 10.Be3 Nbd7 11.Qd2 Be7 12.g4 Nb6 13.O-O-O O-O 14.h4 a5 15.a4 Rc8
16.Kb1 Nc4 17.Bxc4 Rxc4 18.h5 Nd7 19.g5 f5 20.g6 h6 21.Nd5 fxe4 22.Bxh6 Nf6
23.Bxg7 Kxg7 24.h6+ Kxg6 25.Rdg1+ Ng4 26.Nxe7+ Qxe7 27.h7 Kg7 28.fxg4 Kh8
29.g5 Bf5 30.Rh2 Bg6 31.Rd1 e3 32.Qxe3 Rfc8 33.Rdd2 Qc7 34.Qe2 Qb6 35.Rh6 Qg1+
36.Rd1 Qxg5 37.Rxg6 Qxg6 38.Rd2 Rxa4 39.Qd1 Rg4 40.Ka2 Rcc4  0-1

[Event "Moscow Open Women 2012"]
[Site "Moscow RUS"]
[Date "2012.01.30"]
[Round "3.38"]
[White "Shakhmurzova,Fatima"]
[Black "Abdumalik,Z"]
[Result "1-0"]
[WhiteElo "1893"]
[BlackElo "2119"]

1.e4 c5 2.Nf3 d6 3.d4 cxd4 4.Nxd4 Nf6 5.Nc3 a6 6.f3 e6 7.Be3 b5 8.Qd2 Bb7
9.O-O-O Nbd7 10.g4 Nb6 11.Qe1 Rc8 12.Kb1 Qc7 13.Bd3 Be7 14.g5 Nfd7 15.f4 b4
16.Nce2 d5 17.e5 Nc4 18.Bc1 Nc5 19.Nb3 a5 20.Nxc5 Qxc5 21.h4 a4 22.h5 Rb8
23.g6 fxg6 24.Qg3 Ba6 25.Bxc4 Bxc4 26.Nd4 Qc8 27.b3 Bb5 28.hxg6 h6 29.Bb2 Rf8
30.Rxh6 gxh6 31.g7 Kd7 32.gxf8=Q Qxf8 33.Qg4 Qg8 34.Qxg8 Rxg8 35.Nxb5 a3
36.Bc1 h5 37.Nd4 Bc5 38.Nf3 Rg3 39.Ng5 h4 40.Ne4 Bb6 41.Nf6+ Kc6 42.f5 h3
43.fxe6 Bc5 44.Bf4 Rg7 45.Nxd5 Kb7 46.e7 Bxe7 47.Nxe7 Rxe7 48.Re1 Re6 49.c3 Kc6
50.cxb4 Kd5 51.Re3 h2 52.Bxh2 Rh6 53.Re2  1-0

[Event "80th ch-St Petersburg SF w"]
[Site "St Petersburg RUS"]
[Date "2012.01.30"]
[Round "3.2"]
[White "Kolesnikova,K"]
[Black "Rybakova,Polina"]
[Result "1-0"]
[WhiteElo "1926"]
[BlackElo "1778"]

1.e4 c5 2.Nf3 d6 3.d4 cxd4 4.Nxd4 Nf6 5.Nc3 a6 6.f3 e5 7.Nb3 Be6 8.Bg5 Be7
9.Qd2 Nbd7 10.O-O-O O-O 11.g4 b5 12.Kb1 b4 13.Bxf6 Nxf6 14.Nd5 Bxd5 15.exd5 Qb6
16.h4 a5 17.h5 Rfc8 18.g5 Nd7 19.g6 fxg6 20.hxg6 h6 21.Rxh6 Nf8 22.Bh3 Rc7
23.Be6+ Nxe6 24.Rh8+ Kxh8 25.Qh2+ Bh4 26.Qxh4+ Kg8 27.dxe6 Qc6 28.Rh1 Kf8
29.Qg5  1-0

[Event "ch-TUR 2012"]
[Site "Kemer TUR"]
[Date "2012.01.31"]
[Round "5"]
[White "Ozalp,B"]
[Black "Yarimaga,Mehmet Hakan"]
[Result "1-0"]
[WhiteElo "1957"]
[BlackElo "1713"]

1.e4 c5 2.Nf3 d6 3.d4 cxd4 4.Nxd4 Nf6 5.Nc3 a6 6.f3 e6 7.Be3 Be7 8.Qd2 O-O
9.g4 b5 10.h4 Bb7 11.O-O-O Qc7 12.h5 Nc6 13.g5 Nd7 14.g6 Nxd4 15.Bxd4 e5
16.Be3 b4 17.h6 fxg6 18.Nd5 Bxd5 19.Qxd5+ Kh8 20.hxg7+ Kxg7 21.Bc4 Nb6 22.Rxh7+  1-0

[Event "Gibraltar Open"]
[Site "Caleta ENG"]
[Date "2012.02.02"]
[Round "10.74"]
[White "Vaarala,E"]
[Black "Sos Andreu,E"]
[Result "1-0"]
[WhiteElo "2238"]
[BlackElo "2113"]

1.e4 c5 2.Nf3 d6 3.d4 cxd4 4.Nxd4 Nf6 5.Nc3 a6 6.f3 e5 7.Nb3 Be6 8.Be3 Nbd7
9.Qd2 b5 10.g4 Nb6 11.g5 Nfd7 12.Nd5 Nxd5 13.exd5 Bf5 14.Na5 Qc7 15.c4 b4
16.Qxb4 Nc5 17.Nb3 a5 18.Qd2 a4 19.Nxc5 dxc5 20.Rd1 Bd6 21.h4 Rb8 22.h5 Rb4
23.Rh2 O-O 24.Rf2 Rfb8 25.Qc1 Qb6 26.Rdd2 Qa5 27.Kd1 Qa6 28.h6 g6 29.Qc3 Bb1
30.Bxc5 Bxc5 31.Qxe5 Bf8 32.a3 Rb3 33.c5 Qa5 34.d6 Bf5 35.Bc4 R3b7 36.Bd5 Rb5
37.Qf6 Qa7 38.Rfe2 Rxc5 39.Re7 Rc1+ 40.Ke2 Qa6+ 41.Kf2 Qf1+ 42.Ke3 Qe1+ 43.Re2 Qg1+
44.Kf4 Rc4+ 45.Bxc4 Qc1+ 46.Kg3 Qxc4 47.Re8  1-0

[Event "TCh-FIN SM-Liiga 2011-12"]
[Site "Helsinki FIN"]
[Date "2012.02.11"]
[Round "8.1"]
[White "Kokkila,T"]
[Black "Hartikainen,M"]
[Result "0-1"]
[WhiteElo "2330"]
[BlackElo "2294"]

1.e4 c5 2.Nf3 d6 3.d4 cxd4 4.Nxd4 Nf6 5.Nc3 a6 6.f3 e5 7.Nb3 Be6 8.Be3 Be7
9.Qd2 O-O 10.O-O-O Qc7 11.Kb1 b5 12.Nd5 Bxd5 13.exd5 Nbd7 14.c4 bxc4 15.Na5 Nb6
16.Bxb6 Qxb6 17.Nc6 Rfe8 18.Bxc4 a5 19.Rhe1 Bf8 20.Re3 a4 21.Ra3 e4 22.Qd4 Qb7
23.Be2 exf3 24.Bxf3 Qb5 25.Na7 Qd7 26.Nc6 Qf5+ 27.Ka1 Qc2 28.Rc3 Qf5 29.Ra3 Qc2
30.Qd2 Qf5 31.Qd3 Qf4 32.Qd4 Qxh2 33.Rxa4 Qg3 34.Rxa8 Rxa8 35.a4 Nd7 36.Ka2 g6
37.Rd2 Bg7 38.Qb4 Nc5 39.a5 Qe1 40.Rd4 Qe3 41.Rd1 h5 42.Re1 Qd3 43.Rd1 Qc2
44.Rd2 Qc1 45.Rd1 Qg5 46.Qd2 Qh4 47.b4 Qc4+ 48.Kb1 Qb3+ 49.Kc1 Nd3+  0-1

[Event "ch-Central Serbia 2012"]
[Site "Pozarevac SRB"]
[Date "2012.02.13"]
[Round "1.20"]
[White "Dudukovic,N"]
[Black "Lazovic,Bozidar"]
[Result "1-0"]
[WhiteElo "2275"]
[BlackElo "1779"]

1.e4 c5 2.Nf3 d6 3.d4 cxd4 4.Nxd4 Nf6 5.Nc3 a6 6.f3 e5 7.Nb3 Be6 8.Be3 Be7
9.Qd2 O-O 10.O-O-O Nbd7 11.g4 b5 12.g5 b4 13.Ne2 Ne8 14.f4 a5 15.f5 a4 16.Nbd4 exd4
17.Nxd4 Bb3 18.Nc6 Qc7 19.Nxe7+ Kh8 20.Kb1 Bxa2+ 21.Kxa2 b3+ 22.Kb1 Ne5 23.Nd5 Qb7
24.Qb4 bxc2+ 25.Kxc2 Qc6+ 26.Kd2 Nf3+ 27.Ke2 Qc2+ 28.Kxf3 Qxd1+ 29.Kg3 Rc8
30.Bg2 Qe2 31.Bf3 Qa6 32.Ra1 Rc4 33.Qb6 Qc8 34.Qb5 Rc2 35.Qxa4 Rxb2 36.Rc1 Qb8
37.Qd7 Rb7 38.Rc8 Rxd7 39.Rxb8 Kg8 40.Bb6 h6 41.gxh6 Nf6 42.Nxf6+  1-0

[Event "Bunratty Open"]
[Site "Bunratty IRL"]
[Date "2012.02.18"]
[Round "4"]
[White "Mc Morrow,J"]
[Black "Benson,O"]
[Result "0-1"]
[WhiteElo "2028"]
[BlackElo "2005"]

1.e4 c5 2.Nf3 d6 3.d4 cxd4 4.Nxd4 Nf6 5.Nc3 a6 6.f3 e5 7.Nb3 Be6 8.Be3 Nbd7
9.Qd2 b5 10.Be2 Nb6 11.Na5 Qc7 12.Rd1 Nc4 13.Nxc4 bxc4 14.Nd5 Bxd5 15.exd5 Be7
16.Qb4 Rc8 17.Qa4+ Nd7 18.Qxa6 O-O 19.c3 f5 20.O-O f4 21.Bf2 g5 22.h3 Rf7
23.Rfe1 h5 24.Bf1 Rg7 25.Kh1 Nf6 26.Bb6 Qd7 27.Bxc4 Rxc4 28.Qxc4 g4 29.Qf1 gxh3
30.gxh3 Rg3 31.Kh2 e4 32.Rxe4 Nxe4 33.fxe4 Bh4 34.Bf2 Rf3 35.Qg2+ Bg3+ 36.Bxg3 fxg3+
37.Kg1 Qa7+ 38.Rd4 Qf7 39.h4 Qf4 40.Qe2 Rf2 41.e5 Qf5 42.Qd3 Rg2+  0-1

[Event "ch-ROU Men 2012"]
[Site "Sarata Monteoru ROU"]
[Date "2012.02.18"]
[Round "8.33"]
[White "Manole,S"]
[Black "Vrencian,Lehel"]
[Result "1-0"]
[WhiteElo "2082"]
[BlackElo "1874"]

1.e4 c5 2.Nf3 d6 3.d4 cxd4 4.Nxd4 Nf6 5.Nc3 a6 6.f3 e6 7.Be3 Be7 8.Qd2 O-O
9.g4 Nc6 10.O-O-O Nxd4 11.Bxd4 b5 12.Kb1 b4 13.Ne2 Qa5 14.h4 e5 15.Be3 Be6
16.Nc1 Nd7 17.h5 Nc5 18.g5 Rab8 19.g6 fxg6 20.hxg6 hxg6 21.Bh3 Rxf3 22.Bxc5 Rxh3
23.Rxh3 dxc5 24.Rg3 c4 25.Rxg6 Bf7 26.Rg3 Bh4 27.Rh3 Rd8 28.Qe2 Rxd1 29.Qxd1 Bg5
30.Qh1 Kf8 31.Qg1 Bxc1 32.Qxc1 c3 33.b3 Qc5 34.Rh8+ Ke7 35.Qg5+ Kd7 36.Qxg7  1-0

[Event "16th Metropolitan IM"]
[Site "Los Angeles USA"]
[Date "2012.02.24"]
[Round "4"]
[White "Bodek,Michael H"]
[Black "Troff,Kayden W"]
[Result "1/2-1/2"]
[WhiteElo "2232"]
[BlackElo "2257"]

1.e4 c5 2.Nf3 d6 3.d4 cxd4 4.Nxd4 Nf6 5.Nc3 a6 6.f3 e6 7.Be3 b5 8.Qd2 Nbd7
9.g4 b4 10.Nce2 Ne5 11.Ng3 h5 12.g5 h4 13.gxf6 hxg3 14.Qg2 Qxf6 15.f4 Qh6
16.Qxg3 Qg6 17.Qxg6 Nxg6 18.Bd2 Bb7 19.Bd3 e5 20.fxe5 dxe5 21.Nf5 Nh4 22.Nxh4 Rxh4
23.O-O-O Bxe4 24.Rhe1 Bxd3 25.Rxe5+ Kd7 26.Be1 Rd4 27.Rxd3 Rxd3 28.cxd3 Bd6
29.Re2 Rc8+ 30.Kd1 Rh8 31.Bg3 Rh3 32.Rg2 a5 33.Bxd6 Kxd6 34.Rxg7 Rxh2 35.a3 f5
36.Ra7 b3 37.Rxa5 Ke6 38.Rb5 Rxb2 39.Kc1 Rc2+ 40.Kd1 Rb2 41.Kc1 Ra2 42.Rxb3 f4
43.Kd1 Kf5 44.Ke1 Ke5 45.d4+ Kxd4 46.Kf1 Ke4 47.Rc3 Rb2 48.Rh3 Rb1+ 49.Kf2 Rc1
50.Rb3 Rc2+ 51.Kf1 Rd2 52.Rc3 Ra2 53.Rb3 Rc2 54.Rh3 Ra2 55.Rb3 f3 56.Rb8 Rxa3
57.Re8+  1/2-1/2

[Event "Schachbundesliga 2011-12"]
[Site "Hockenheim GER"]
[Date "2012.02.25"]
[Round "10"]
[White "Saric,Iv"]
[Black "Huschenbeth,N"]
[Result "1-0"]
[WhiteElo "2643"]
[BlackElo "2510"]

1.e4 c5 2.Nf3 d6 3.d4 cxd4 4.Nxd4 Nf6 5.Nc3 a6 6.Be3 Ng4 7.Bc1 Nf6 8.f3 Qb6
9.Nb3 e6 10.a4 Qc7 11.Be3 Nbd7 12.a5 Be7 13.Be2 O-O 14.O-O Nc5 15.Nxc5 dxc5
16.Qe1 Bd7 17.Qf2 Rfd8 18.g4 h6 19.h4 Bc6 20.g5 hxg5 21.hxg5 Nh7 22.Qh4 Nf8
23.f4 Ng6 24.Qh3 Bd6 25.e5 Be7 26.Rf2 c4 27.Rh2 Bb4 28.Bb6 Qd7 29.Na2 Qd2
30.Be3  1-0

[Event "PriFO Champ RUS 2012"]
[Site "Tolyatti RUS"]
[Date "2012.02.29"]
[Round "3.12"]
[White "Petukhov,D"]
[Black "Voitsekhovsky,S"]
[Result "1/2-1/2"]
[WhiteElo "2332"]
[BlackElo "2549"]

1.e4 c5 2.Nf3 d6 3.d4 cxd4 4.Nxd4 Nf6 5.Nc3 a6 6.f3 e6 7.Be3 h5 8.Bc4 Nc6
9.Qd2 Bd7 10.Nxc6 Bxc6 11.Bb3 Be7 12.O-O O-O 13.Rad1 b5 14.Ne2 Qb8 15.Nd4 Bd7
16.c3 a5 17.a3 Qb7 18.h3 b4 19.axb4 axb4 20.c4 h4 21.Bg5 Ra5 22.Bc2 Rc8 23.Nb3 Ra7
24.Bxh4 Rxc4 25.Bf2 Ra8 26.Ra1 Rcc8 27.Nd4 Be8 28.Bb3 Nd7 29.Nf5 Nc5 30.Rxa8 Rxa8
31.Nxe7+ Qxe7 32.Qxb4 Nxb3 33.Qxb3 Qc7 34.Qc3 Qxc3 35.bxc3 Rc8 36.Rc1 e5
37.Be3 f6 38.g4 Bf7 39.Kf2 d5 40.exd5 Bxd5 41.Bd2 Bc4 42.f4 Rd8 43.Be3 exf4
44.Bxf4 Rd3 45.Be3 g5 46.Bd4 Kf7 47.Rb1 Be6 48.Rb7+ Kg6 49.Rb6 Kf7  1/2-1/2

[Event "ch-Moscow S/F 2012"]
[Site "Moscow RUS"]
[Date "2012.03.01"]
[Round "5"]
[White "Glushkov,L"]
[Black "Denishev,M"]
[Result "1-0"]
[WhiteElo "1958"]
[BlackElo "2121"]

1.e4 c5 2.Nf3 d6 3.d4 cxd4 4.Nxd4 Nf6 5.Nc3 a6 6.f3 e5 7.Nb3 Be6 8.Be3 Be7
9.Qd2 h5 10.Nd5 Nxd5 11.exd5 Bf5 12.Bd3 Bxd3 13.Qxd3 Nd7 14.O-O-O Rc8 15.Kb1 Qc7
16.Nd2 b5 17.c3 O-O 18.g4 h4 19.g5 Nc5 20.Bxc5 Qxc5 21.Rhg1 g6 22.Rg4 Kg7
23.Ne4 Qb6 24.f4 exf4 25.Rxf4 Rc4 26.Qf3 Bd8 27.Rf1 Qb7 28.b3 Rxe4 29.Qxe4 Bxg5
30.Qd4+ Kh7 31.Rg4 Qe7 32.Re4 Qd7 33.Rg1 Kh6 34.Qf2 Qh3 35.Reg4 Be7 36.Kb2 Rc8
37.c4 bxc4 38.Qxf7 Qxh2+ 39.Ka3 g5 40.Qe6+ Kh5 41.Qxe7  1-0

[Event "PriFO Champ RUS 2012"]
[Site "Tolyatti RUS"]
[Date "2012.03.02"]
[Round "5.26"]
[White "Shurakov,D"]
[Black "Elistratov,Semen"]
[Result "1-0"]
[WhiteElo "2222"]
[BlackElo "1902"]

1.e4 c5 2.Nf3 d6 3.d4 cxd4 4.Nxd4 Nf6 5.Nc3 a6 6.f3 e5 7.Nb3 Be6 8.Be3 Be7
9.Qd2 O-O 10.O-O-O Nbd7 11.g4 b5 12.g5 b4 13.gxf6 bxc3 14.Qxc3 Nxf6 15.Na5 Rc8
16.Nc6 Qe8 17.Nxe7+ Qxe7 18.Qb4 Rc6 19.Kb1 Qc7 20.Bd3 Rb8 21.Qa3 d5 22.exd5 Nxd5
23.Bd2 a5 24.Be4 Nb4 25.Bxc6 Nxc6 26.Bc3 h6 27.Qd6 Qb7 28.Bxe5 Qb5 29.Bc3 Qc4
30.Kc1 Rc8 31.a3 Qa2 32.Qg3 g6 33.Qh4 Nb4 34.Qf6  1-0

[Event "PriFO Champ RUS 2012"]
[Site "Tolyatti RUS"]
[Date "2012.03.05"]
[Round "8.8"]
[White "Shurakov,D"]
[Black "Isajevsky,A"]
[Result "0-1"]
[WhiteElo "2222"]
[BlackElo "2426"]

1.e4 c5 2.Nf3 d6 3.d4 cxd4 4.Nxd4 Nf6 5.Nc3 a6 6.f3 e5 7.Nb3 Be6 8.Be3 h5
9.Qd2 Nbd7 10.O-O-O Rc8 11.Kb1 b5 12.f4 Be7 13.f5 Bc4 14.Bd3 Qc7 15.h3 b4
16.Ne2 a5 17.Bxc4 Qxc4 18.Nxa5 Qb5 19.Nb3 Nxe4 20.Qd3 Qc6 21.Rhe1 Ndf6 22.Na5 Qd7
23.Nc4 Rc6 24.Nb6 Qb7 25.Nd5 Nxd5 26.Qxd5 Nf6 27.Qd3 O-O 28.g4 Ra8 29.g5 Rca6
30.Nc1 Ne4 31.h4 Nc3+ 32.bxc3 bxc3+ 33.Nb3 Qb4 34.Bd4 exd4 35.Qxd4 Qb7 36.Qe4 Qb5
37.Rd5 Qc6 38.Rd4 Qb5 39.Rb4 Qe5 40.Rb7 Bf8 41.Qxe5 dxe5 42.Rc7 Rxa2 43.Re4 Rb2+
44.Kc1 Ba3 45.Kd1 Rd8+ 46.Ke1 Rxc2 47.Re2 Rb2 48.Na5 c2  0-1

[Event "PriFO Champ RUS 2012"]
[Site "Tolyatti RUS"]
[Date "2012.03.06"]
[Round "9.13"]
[White "Shurakov,D"]
[Black "Glidzhain,G"]
[Result "1/2-1/2"]
[WhiteElo "2222"]
[BlackElo "2381"]

1.e4 c5 2.Nf3 d6 3.d4 cxd4 4.Nxd4 Nf6 5.Nc3 a6 6.f3 e5 7.Nb3 Be6 8.Be3 Be7
9.Qd2 O-O 10.O-O-O Nbd7 11.g4 b5 12.g5 Ne8 13.Nd5 Bxd5 14.exd5 b4 15.h4 a5
16.Kb1 a4 17.Nc1 Qa5 18.Nd3 b3 19.Qxa5 bxa2+ 20.Kxa2 Rxa5 21.Nb4 Bd8 22.Nc6 Ra8
23.Nxd8 Rxd8 24.Bb5 f6 25.Rhf1 fxg5 26.hxg5 Nc5 27.Bxc5 dxc5 28.Bxa4 Ra8
29.b3 Nd6 30.Kb2 Rf5 31.Bc6 Rb8 32.Rde1 c4 33.Kc3 cxb3 34.cxb3 Rxg5 35.b4 h5
36.b5 Nxb5+ 37.Kc4 Nd6+ 38.Kc5 Rd8 39.f4 exf4 40.Rxf4 Rf5 41.Rh4 Kf7 42.Ra4 Nc8
43.Ra8 h4 44.Rh1 g5 45.Kd4 Rf8  1/2-1/2

[Event "ch-St Petersburg w 2012"]
[Site "St Petersburg RUS"]
[Date "2012.03.20"]
[Round "4"]
[White "Korchagina,V"]
[Black "Andreeva,Y"]
[Result "1-0"]
[WhiteElo "2103"]
[BlackElo "1965"]

1.e4 c5 2.Nf3 d6 3.d4 cxd4 4.Nxd4 Nf6 5.Nc3 a6 6.f3 e5 7.Nb3 Be6 8.Be3 Be7
9.Qd2 h5 10.O-O-O Nbd7 11.h4 b5 12.Bg5 Rc8 13.Kb1 Qb6 14.Nd5 Nxd5 15.exd5 Bf5
16.Bd3 Bxd3 17.Qxd3 Bxg5 18.hxg5 a5 19.g6 Nf6 20.g4 e4 21.Qe2 a4 22.Nd4 Rc4
23.g5 Rxd4 24.gxf6 fxg6 25.Rxd4 Qxd4 26.Qxb5+ Kf7 27.Qd7+ Kxf6 28.Qe6+ Kg5
29.f4+ Kxf4 30.Qxg6 Qf2 31.Qxg7 Rc8 32.Qh6+ Kf3 33.Qxh5+ Ke3 34.Qd1 Qg2 35.Re1+ Kf4
36.Rf1+ Ke3 37.c3 Qd2 38.Re1+ Kd3 39.Qxd2+ Kxd2 40.Rxe4 a3 41.Rd4+ Ke3 42.Kc2 axb2
43.Kxb2 Rb8+ 44.Kc2 Rh8 45.a4 Rh2+ 46.Kb3 Rh1 47.a5 Rb1+ 48.Kc4 Rb2 49.Rh4 Rb7
50.Rh6 Rc7+ 51.Kb4 Rb7+ 52.Kc4 Rc7+ 53.Kb5 Rc5+ 54.Kb6 Rxd5 55.a6 Rd1 56.Rh4 Rg1
57.a7 Rb1+ 58.Rb4 Ra1 59.Rb5  1-0

[Event "1st Lanta Open 2012"]
[Site "Koh Lanta Island THA"]
[Date "2012.03.24"]
[Round "3"]
[White "Kalousek,Z"]
[Black "Doskar,Miloslav"]
[Result "1-0"]
[WhiteElo "1979"]
[BlackElo "1729"]

1.e4 c5 2.Nf3 d6 3.d4 cxd4 4.Nxd4 Nf6 5.Nc3 a6 6.f3 e6 7.Be3 Be7 8.Qe2 O-O
9.O-O-O Qc7 10.g4 Nc6 11.Nb3 Re8 12.f4 b5 13.Bg2 Bb7 14.g5 Nd7 15.Qf2 Rac8
16.Kb1 Na5 17.Nxa5 Qxa5 18.e5 Bxg2 19.Qxg2 d5 20.h4 Rc4 21.Ne2 Rec8 22.c3 b4
23.cxb4 Bxb4 24.Rc1 Qb5 25.Rhd1 Ba3 26.Nd4 Rxc1+ 27.Bxc1 Qb6 28.Nb3 Bf8 29.h5 a5
30.g6 f5 31.gxh7+ Kh8 32.h6 Rc7 33.Bd2 a4 34.Ba5 Qb7 35.Bxc7 axb3 36.Bd6 bxa2+
37.Kxa2 Qa6+ 38.Kb1 Qc4 39.Rg1 Qe4+ 40.Qxe4  1-0

[Event "28th Budapest Spring Festival"]
[Site "Budapest HUN"]
[Date "2012.03.28"]
[Round "3.17"]
[White "Peczely,S"]
[Black "Aryan,C"]
[Result "1-0"]
[WhiteElo "2063"]
[BlackElo "1869"]

1.e4 c5 2.Nf3 d6 3.d4 cxd4 4.Nxd4 Nf6 5.Nc3 a6 6.f3 e5 7.Nb3 Be7 8.Be3 Be6
9.Qd2 O-O 10.O-O-O Qc7 11.g4 Nbd7 12.h4 Rfe8 13.g5 Nh5 14.Bh3 b5 15.Kb1 b4
16.Nd5 Bxd5 17.Qxd5 a5 18.Be6 fxe6 19.Qxe6+ Kf8 20.Qf5+ Ndf6 21.gxf6 Nxf6
22.Rh2 a4 23.Nc1 Qc4 24.h5 b3 25.axb3 axb3 26.Nxb3 Reb8 27.Rd3 Qa4 28.h6 g6
29.Qe6  1-0

[Event "13th EICC"]
[Site "Plovdiv BUL"]
[Date "2012.03.28"]
[Round "8.148"]
[White "Senetia,T"]
[Black "Antal,T"]
[Result "1-0"]
[WhiteElo "2188"]
[BlackElo "2352"]

1.e4 c5 2.Nf3 d6 3.d4 cxd4 4.Nxd4 Nf6 5.Nc3 a6 6.f3 e5 7.Nb3 Be7 8.Be3 Be6
9.Qd2 O-O 10.O-O-O a5 11.Bb5 Na6 12.Qe2 Nc7 13.Nc5 Qc8 14.Nxe6 Qxe6 15.Bc4 Qd7
16.a4 Rfc8 17.b3 Na6 18.Nd5 Nxd5 19.Rxd5 Nb4 20.Rb5 Bd8 21.Rd1 Nc6 22.Qd2 Be7
23.Qd5 Bf8 24.Bb6 Rab8 25.c3 Qe7 26.h4 g6 27.Kb2 Kg7 28.g4 h6 29.g5 h5 30.Rf1 Re8
31.f4 Qe6 32.Qd3 Qd7 33.fxe5 Nxe5 34.Rxe5 Rxe5 35.Rxf7+ Qxf7 36.Bxf7 Kxf7
37.Qc4+ Ke8 38.Qc7 Ra8 39.Qxb7 Rd8 40.Bxd8 Kxd8 41.b4 axb4 42.cxb4 Be7 43.a5  1-0

[Event "17th Metropolitan IM"]
[Site "Los Angeles USA"]
[Date "2012.03.31"]
[Round "6"]
[White "Akopian,R"]
[Black "Visweswaran,K"]
[Result "0-1"]
[WhiteElo "2077"]
[BlackElo "2281"]

1.e4 c5 2.Nf3 d6 3.d4 cxd4 4.Nxd4 Nf6 5.Nc3 a6 6.Be3 Ng4 7.Bc1 Nf6 8.f3 Qb6
9.Nb3 e6 10.Qe2 Be7 11.Be3 Qc7 12.O-O-O b5 13.a3 Nbd7 14.g4 Nb6 15.g5 Nfd7
16.Qf2 Na4 17.Nxa4 bxa4 18.Nd4 Rb8 19.Qd2 Ne5 20.f4 Nc6 21.Qc3 Bb7 22.Bxa6 Bxa6
23.Qxc6+ Qxc6 24.Nxc6 Rc8 25.Nxe7 Kxe7 26.Bd4 f6 27.gxf6+ gxf6 28.Bc3 Rc4
29.Bb4 Rxe4 30.Bxd6+ Kf7 31.Rhe1 Rc4 32.Kb1 Rhc8 33.c3 Bb7 34.Rd4 Rxd4 35.cxd4 Rg8
36.f5 Bd5 37.fxe6+ Bxe6 38.Kc2 Rg2+ 39.Kc3 Bb3 40.Rc1 Ke6 41.Bg3 Kd5 42.Rf1 Rc2+
43.Kd3 Ke6 44.Rf2 Rc1  0-1

[Event "TCh-CZE Liga1 Vychod"]
[Site "Czech Rep CZE"]
[Date "2012.04.01"]
[Round "11"]
[White "Brazdil,R"]
[Black "Makovicka,T"]
[Result "1-0"]
[WhiteElo "2137"]
[BlackElo "2016"]

1.e4 c5 2.Nf3 d6 3.d4 cxd4 4.Nxd4 Nf6 5.Nc3 a6 6.f3 e5 7.Nb3 Be6 8.Be3 Nbd7
9.Qd2 Qc7 10.O-O-O Nb6 11.Qf2 Nfd7 12.g4 Be7 13.h4 Nc4 14.Bxc4 Bxc4 15.Kb1 Rc8
16.g5 b5 17.h5 O-O 18.g6 b4 19.h6 fxg6 20.hxg7 Rf7 21.Rxh7 Rxg7 22.Rxg7+ Kxg7
23.Nd5 Bxd5 24.exd5 Rh8 25.Rg1 Qc4 26.Qg2 Nf8 27.f4 Bf6 28.f5 e4 29.Nd4 Bxd4
30.Qxe4 Rh2 31.Bxd4+ Kg8 32.fxg6 Re2 33.Qf5  1-0

[Event "28th Budapest Spring Festival"]
[Site "Budapest HUN"]
[Date "2012.04.03"]
[Round "9.17"]
[White "Peczely,S"]
[Black "Marosi,Le"]
[Result "1-0"]
[WhiteElo "2063"]
[BlackElo "1959"]

1.e4 c5 2.Nf3 d6 3.d4 cxd4 4.Nxd4 Nf6 5.Nc3 a6 6.f3 e5 7.Nb3 Be6 8.Be3 Nbd7
9.Qd2 Be7 10.O-O-O O-O 11.g4 b5 12.g5 b4 13.Ne2 Ne8 14.Ng3 a5 15.Kb1 a4 16.Nc1 b3
17.axb3 a3 18.Bb5 axb2 19.Kxb2 d5 20.exd5 Ba3+ 21.Kb1 Bh3 22.Nd3 Nd6 23.Bc6 Rb8
24.Ba7 Rb4 25.Bxd7 Qxd7 26.Bc5 Rb7 27.Bxa3 Nc4 28.Qc1 Ra8 29.Bb2 Rba7 30.bxc4 Qa4
31.Qe3 Rb7 32.Kc1 Rxb2 33.Nxb2 Qa1+ 34.Kd2 Qxb2 35.Rb1 Qa2 36.Ra1  1-0

[Event "Semana Santa LAB Open"]
[Site "Bogota COL"]
[Date "2012.04.04"]
[Round "2"]
[White "Marin,Sebastian"]
[Black "Pardo,Alejandro"]
[Result "1-0"]
[WhiteElo "2326"]
[BlackElo "2172"]

1.e4 c5 2.Nf3 d6 3.d4 cxd4 4.Nxd4 Nf6 5.Nc3 a6 6.f3 e6 7.Be3 b5 8.g4 b4 9.Nce2 e5
10.Nb3 Be6 11.g5 Nfd7 12.Qd2 a5 13.a3 Nc6 14.a4 Be7 15.Ng3 g6 16.O-O-O Qc7
17.Kb1 Nb6 18.Bb5 Nc4 19.Bxc4 Bxc4 20.h4 Nb8 21.h5 Nd7 22.Qf2 Qc6 23.Nc1 Rf8
24.hxg6 hxg6 25.b3 Be6 26.f4 exf4 27.Bxf4 O-O-O 28.Nce2 Qc5 29.Nd4 Ne5 30.Qe3 Bg4
31.Rc1 Kb7 32.c3 Rc8 33.cxb4 Qxb4 34.Nb5 Rc5 35.Rxc5 Qxc5 36.Qxc5 dxc5 37.Bxe5 Bxg5
38.Rf1 Be6 39.Kb2 Kc6 40.Bf6 Be3 41.Rf3 Bd2 42.Bc3 Rd8 43.Ne2 Bxc3+ 44.Kxc3 g5
45.Rg3 g4 46.Nf4 Bd7 47.Rd3 Kb7 48.Nd6+ Kc7 49.Nxf7 Rf8 50.Nd5+ Kb7 51.Nd6+ Ka6
52.e5 Rf1 53.e6 Bc6 54.e7 Rg1 55.e8=Q Bxe8 56.Nxe8 g3 57.Nf4 g2 58.Nxg2 Rxg2
59.Nd6 Rg1 60.Nc4  1-0